000 00744nam a2200217 a 4500
001 BRCA_1197
005 20190320203326.0
008 910708s1988 mx-a---###---#000-0#spa-#
020 _a9687009187
040 _aDLC
_cDLC
050 4 _aNA6245.M4
_b.M64 1988
100 1 _aMogilner, Mark
_93933
245 1 0 _aEdificaciones del Banco Nacional de México
_bseis virreinales y una contemporánea
_cfotografía, Mark Mogilner.
260 _aMéxico
_bFomento Cultural Banamex
_c1988
300 _a191 p.
_bil. a color
_c32 cm.
610 2 4 _aBanco Nacional de México
_xEdificios
_93934
650 1 4 _aEdificios de bancos
_zMéxico
_93935
650 1 4 _aArquitectura colonial
_zMéxico
_91940
710 2 _aFomento Cultural Banamex
_93936
942 _2lcc
_cB
999 _c1070
_d1070